MARC details
| 000 -LEADER |
| campo de control de longitud fija |
01756nam a2200433 i 4500 |
| 001 - NÚMERO DE CONTROL |
| campo de control |
194998 |
| 003 - IDENTIFICADOR DE NÚMERO DE CONTROL |
| campo de control |
SpMaBN |
| 005 - FECHA Y HORA DE LA ÚLTIMA TRANSACCIÓN |
| campo de control |
20250913172024.0 |
| 007 - CAMPO FIJO DE DESCRIPCIÓN FÍSICA--INFORMACIÓN GENERAL |
| campo de control de longitud fija |
ta |
| 008 - DATOS DE LONGITUD FIJA--INFORMACIÓN GENERAL |
| campo de control de longitud fija |
240523s2015 sp a | |||| 001 0 spa |
| 017 ## - NÚMERO DE COPYRIGHT O DE DEPÓSITO LEGAL |
| Número de copyright o de depósito legal |
ZA 48-2015 |
| Agencia que asigna |
Oficina Depósito Legal Zamora |
| 020 ## - NÚMERO INTERNACIONAL ESTÁNDAR DEL LIBRO |
| Número Internacional Estándar del Libro |
9788493985127 |
| 035 ## - NÚMERO DE CONTROL DEL SISTEMA |
| Número de control de sistema |
(OCoLC)922106359 |
| 035 ## - NÚMERO DE CONTROL DEL SISTEMA |
| Número de control de sistema |
a5674346 |
| 040 ## - FUENTE DE CATALOGACIÓN |
| Centro catalogador/agencia de origen |
SpMaBN |
| Lengua de catalogación |
spa |
| Centro/agencia transcriptor |
SpMaBN |
| Normas de descripción |
rdc |
| Centro/agencia modificador |
ES-MaACL |
| 080 ## - NÚMERO DE LA CLASIFICACIÓN DECIMAL UNIVERSAL |
| Número de la Clasificación Decimal Universal |
27 Junípero Serra, Beato |
| 080 ## - NÚMERO DE LA CLASIFICACIÓN DECIMAL UNIVERSAL |
| Número de la Clasificación Decimal Universal |
27 Gómez Canedo, Lino |
| 100 1# - ENTRADA PRINCIPAL--NOMBRE DE PERSONA |
| Nombre de persona |
Soto Pérez, José Luis |
| Número de control del registro de autoridad o número normalizado |
XX1059771 |
| 9 (RLIN) |
166658 |
| 245 10 - MENCIÓN DEL TÍTULO |
| Título |
Junípero Serra en la vida y obra de Lino Gómez Canedo : |
| Resto del título |
hechos, textos y comentarios / |
| Mención de responsabilidad, etc. |
José Luis Soto Pérez. |
| 260 ## - PUBLICACIÓN, DISTRIBUCIÓN, ETC. |
| Lugar de publicación, distribución, etc. |
Santiago de Compostela : |
| Nombre del editor, distribuidor, etc. |
Orden de Frailes Menores, |
| Fecha de publicación, distribución, etc. |
2015. |
| 300 ## - DESCRIPCIÓN FÍSICA |
| Extensión |
339 p. : |
| Otras características físicas |
il., mapas, plano ; |
| Dimensiones |
24 cm |
| 336 ## - TIPO DE CONTENIDO |
| Término de tipo de contenido |
Texto (visual) |
| Fuente |
isbdcontent |
| 337 ## - TIPO DE MEDIO |
| Nombre/término del tipo de medio |
sin mediación |
| Fuente |
isbdmedia |
| 338 ## - TIPO DE SOPORTE |
| Fuente |
rdacarrier |
| Nombre/término del tipo de soporte |
volumen |
| 490 1# - MENCIÓN DE SERIE |
| Mención de serie |
Erudición y conventualidad ; |
| Designación de volumen o secuencia |
1 |
| 500 ## - NOTA GENERAL |
| Nota general |
Incluye apéndice documental |
| 500 ## - NOTA GENERAL |
| Nota general |
Catalogación provisional. Signatura: N 8671. Depósito J. |
| 504 ## - NOTA DE BIBLIOGRAFÍA, ETC. |
| Nota de bibliografía, etc. |
Incluye referencias bibliográficas e índices |
| 600 #0 - PUNTO DE ACCESO ADICIONAL DE MATERIA--NOMBRE DE PERSONA |
| Nombre de persona |
Junípero Serra, |
| Títulos y otros términos asociados al nombre |
Santo, |
| Fechas asociadas al nombre |
1713-1784- |
| Subdivisión general |
Influencia |
| 9 (RLIN) |
236633 |
| 600 14 - PUNTO DE ACCESO ADICIONAL DE MATERIA--NOMBRE DE PERSONA |
| Nombre de persona |
Gómez Canedo, Lino, |
| Fechas asociadas al nombre |
1908-1990 |
| Fuente del encabezamiento o término |
embne |
| 9 (RLIN) |
57855 |
| 830 ## - PUNTO DE ACCESO ADICIONAL DE SERIE-TÍTULO UNIFORME |
| 9 (RLIN) |
225761 |
| Título uniforme |
Erudición y conventualidad ; |
| Designación de volumen o secuencia |
1 |
| 852 ## - LOCALIZACIÓN |
| Ubicación |
ES-MaACL |
| Sublocalización o colección |
R.152764 |
| Ubicación en estantería |
Depósito J |
| Número de control de estantería |
N-8671 |
| Donativo/Legado |
Donación: José Luis Soto Pérez |
| itemnumber |
202662 |
| Nota libre |
En proceso |
| 903 ## - NOMBRE PERSONAL DE DONANTE |
| 9 |
166658 |
| a |
Soto Pérez, José Luis |
| e |
Donante |
| 942 ## - ELEMENTOS DE ENTRADA SECUNDARIOS (KOHA) |
| Suprimir en OPAC |
No |
| Tipo de ítem Koha |
Libro impreso |